European Geography by Letter - L - Statistics

General Stats
  • This quiz has been taken 273 times
  • The average score is 15 of 20
Answer Stats
Hint Answer % Correct
Northern neighbour of the above country Latvia
99%
Capital of Portugal Lisbon
99%
Small country between Switzerland and Austria Liechtenstein
98%
Southernmost of the three Baltic countries Lithuania
98%
Official language of the Roman Empire Latin
97%
English city in the county of Merseyside that is the hometown of the Beatles, and two Premier League football clubs Liverpool
96%
Third-largest city in France Lyon
96%
Country with the highest GDP per capita in the world Luxembourg
95%
Capital of Slovenia Ljubljana
90%
City that was the capital of the largest empire in world history London
85%
Most populous region of Italy - Milan is located in it Lombardy
82%
Northernmost region of Finland Lapland
77%
Major city in the far north of France, near the Belgian border Lille
70%
Largest city in western Ukraine Lviv
68%
Second-largest city in what used to be East Germany, after Berlin Leipzig
66%
Swiss city which is the headquarters of the International Olympic Committee Lausanne
51%
Region of Italy located on the former territory of the Republic of Genoa Liguria
40%
Largest city in Svalbard Longyearbyen
27%
Name of two neighbouring provinces - one in the north of Belgium and the other in the south of the Netherlands Limburg
23%
Formerly extinct language native to the above country that some are attempting to revive Livonian
18%
No matching quizzes found
Score Distribution
Percent of People with Each Score
Percentile by Number Answered
Your Score History
You have not taken this quiz